000 00447cam a2200181ua 4500
020 _cRe 1.00
041 _aeng
_h
082 _a320.58
_bGAN/RE
100 _aGandhi, M K.
245 _aRebuilding our villages /
_cM K Gandhi.
_hTextual Documents
260 _aAhmadabad :
_bNavajivan publishing house ,
_c1952.
300 _a125 ; .
365 _aRe 1.00
504 _a
650 _aGandhiana
942 _cBK
999 _c2295
_d2295